| 000 | 00512nam a2200181 a 4500 | ||
|---|---|---|---|
| 001 | 000009280 | ||
| 005 | 20240412074210.0 | ||
| 008 | 090929s1935 pr 000 p spa d | ||
| 040 |
_aDO-SdBNP _bspa _cBNPHU |
||
| 082 |
_aRD861.42 _bL215c |
||
| 100 | 1 |
_aLamarche, Martha María, _d1900 _924002 |
|
| 245 | 1 | 0 |
_aCauce hondo / _cMartha María Lamarche. |
| 260 |
_aSan Juan : _bRoger, _c1935. |
||
| 300 |
_b75 p. ; _c20 cm. |
||
| 650 | 0 |
_aPoesía dominicana _966 |
|
| 650 | 0 |
_aLiteratura dominicana. _967 |
|
| 049 | _aBNPD | ||
| 999 |
_c9042 _d9042 |
||